00602nam a2200109Ia 4500008004100000245003300041300026000074650000900334856005800343999001900401952007200420170517s9999 xx 000 0 und d 2aA World Unseen: The Revenant aA meditation on the making and meaning of the Oscar-winning film The Revenant, one of 2015's most astounding cinematic achievements, A World Unseen exposes the soul-plunging struggles involved in bringing an epic vision to the screen. It's definitely a... xArt. uhttp://topdocumentaryfilms.com/world-unseen-revenant/ c333105d333105 001040aCLbCLd2017-05-17l0r2017-05-17 00:00:00w2017-05-17yDF